00501nam a2200193 a 4500001001300000003000900013005001700022008004100039020001200080082001300092100002300105245003300128260004500161300000900206500003500215505001000250650002400260700002300284nice12345678IN_TiNIC20260116011523.0050524s1957 newa grp 000 0 eng  ac36.2500a956bLEN aLenczowski, George aMiddle East in World Affairs aNew YorkbCornell University Pressc1957 a576p aincludes index and biblioraphy2 aIndex aMiddle East-History1 aLenczowski, George